| 000 | 00409nam a22001337a 4500 | ||
|---|---|---|---|
| 008 | 230621b xxu||||| |||| 00| 0 eng d | ||
| 082 |
_a328.4 _bSOC |
||
| 100 | _cDavid Batt and Gavin Devine | ||
| 245 |
_aThe Table _bThe Journal of the Society of Clerks-at-the-table in Commonwealth Parliaments |
||
| 260 |
_aLondon _bCommonwealth Parliaments _c2002 |
||
| 300 | _a294p | ||
| 440 | _vvolume 70 | ||
| 942 |
_2ddc _cBK |
||
| 999 |
_c2208 _d2208 |
||